000 00701nam a2200253Ia 4500
003 OSt
005 20220928113552.0
006 a|||||r|||| 00| 0
007 ta
008 220927b |||||||| |||| 00| 0 eng d
024 _a69635
037 _cTextual
040 _aSDCL
_cSDCL
_beng
041 _2eng
_aeng
082 _aW6, P0
100 _aDryzek John S
_9433846
245 0 _aDeliberative democracy and beyond
_b Liberals critics contestations
260 _aOxford
_bOxford University Press
_c2000
300 _avii,197p
_ccm.
490 _aOxford political theory
650 _aDemocracy
_9393045
942 _hW6, P0
_cTEXL
_2CC
999 _c750258
_d750258